Southville International School and Colleges
Your cart is empty.
  • Cart
  • Lists
    Public lists Eva Luna New books Lux_list list_1
    Your lists Log in to create your own lists
  • Log in to your account
  • Your cookies
  • Search history
Southville International School and Colleges
  • Advanced search
  • Recent comments
  • Most popular
  • Libraries

Log in to your account

Log in with GOOGLE


If you do not have an external account, but do have a local account, you can still log in:

  1. Home
  2. MARC view: Bizarre Beings /
Normal view MARC view ISBD view

Bizarre Beings / (Record no. 39041)

[ view plain ]
MARC details
000 -LEADER
fixed length control field 00526nam a22001937a 4500
003 - CONTROL NUMBER IDENTIFIER
control field OSt
005 - DATE AND TIME OF LATEST TRANSACTION
control field 20140311162956.0
008 - FIXED-LENGTH DATA ELEMENTS--GENERAL INFORMATION
fixed length control field 130320t xxu||||| |||| 00| 0 eng d
020 ## - INTERNATIONAL STANDARD BOOK NUMBER
International Standard Book Number 0439401496
050 ## - LIBRARY OF CONGRESS CALL NUMBER
Classification number QH 349
Item number .B27 2002
100 ## - MAIN ENTRY--PERSONAL NAME
Personal name Banks, Cameron
9 (RLIN) 22097
245 ## - TITLE STATEMENT
Title Bizarre Beings /
Statement of responsibility, etc Cameron Banks.
260 ## - PUBLICATION, DISTRIBUTION, ETC. (IMPRINT)
Place of publication, distribution, etc New York :
Name of publisher, distributor, etc A&E Television Networks,
Date of publication, distribution, etc c2002.
300 ## - PHYSICAL DESCRIPTION
Extent 76 p. :
Dimensions 19 cm.
Other physical details ill, ;
562 ## - COPY AND VERSION IDENTIFICATION NOTE
Number of copies 1
650 ## - SUBJECT ADDED ENTRY--TOPICAL TERM
Topical term or geographic name as entry element Life sciences
General subdivision Miscellanea.
9 (RLIN) 22098
942 ## - ADDED ENTRY ELEMENTS (KOHA)
Source of classification or shelving scheme Library of Congress Classification
Koha item type
Holdings
Withdrawn status Lost status Source of classification or shelving scheme Damaged status Home library Current library Shelving location Date acquired Total Checkouts Full call number Barcode Date last seen Copy number Price effective from Koha item type
    Library of Congress Classification   Luxembourg Library Luxembourg Library Grade School Section 09/28/2013   QH 349 .B27 2002 14319 02/09/2015 1 03/11/2014 Books

Bizarre Beings /

APA

Banks C., . (2002). Bizarre Beings. New York: A&E Television Networks.

Chicago

Banks Cameron, . 2002. Bizarre Beings. New York: A&E Television Networks.

Harvard

Banks C., . (2002). Bizarre Beings. New York: A&E Television Networks.

MLA

Banks Cameron, . Bizarre Beings. New York: A&E Television Networks. 2002.

  • Place hold
  • Print
  • Cite
  • Add to your cart (remove)
  • Save record
    BIBTEX Dublin Core MARCXML MARC (non-Unicode/MARC-8) MARC (Unicode/UTF-8) MARC (Unicode/UTF-8, Standard) MODS (XML) RIS
  • More searches
    Search for this title in:
    Other Libraries (WorldCat) Other Databases (Google Scholar) Online Stores (Bookfinder.com) Open Library (openlibrary.org)

Exporting to Dublin Core...

SOUTHVILLE LIBRARY

Southville International School and Colleges Library

1281 Tropical Ave. Cor. Luxembourg St., BF Homes International, Las Pinas City

Tel. No. 8256374 / 252358 Loc. 117/146

Powered by Koha